| 000 | 00751cab a2200253 4500 | ||
|---|---|---|---|
| 001 | ABS58582 | ||
| 008 | 090401t1998 xxu||||| |||| 00| 0 eng d | ||
| 035 | _a(Sirsi) u85535 | ||
| 041 | _aeng | ||
| 100 | _aFranklyn, R. | ||
| 245 | _aPressure to perform | ||
| 260 | _c1998 | ||
| 350 | _a0 | ||
| 490 |
_aInside Housing _v27 March 1998, 16-17(2) |
||
| 520 | _aLooks at the latest performance indicators for housing associations, "Registered social landlords in 1997: performance indicators", Housing Corporation. Statistics. | ||
| 650 | _aHOUSING ASSOCIATIONS | ||
| 650 | _aPERFORMANCE INDICATORS | ||
| 650 | _aSOCIAL HOUSING | ||
| 650 | _aSTATISTICS | ||
| 690 | _aHOUSING | ||
| 700 | _aJarman, R. | ||
| 942 | _n0 | ||
| 948 | _c09/04/1998 | ||
| 999 |
_c53795 _d53795 |
||